000 00429nam a2200181Ia 4500
001 19183
005 20260306171725.0
008 260306s9999||||xx |||||||||||||| ||und||
041 _aESP
082 _a658.8
_bS66
100 _aSolano Cornejo, David
_eAUT
245 0 _aMárketing social y desarrollo
260 _c2015
300 _a124 páginas :
_c24 cm.
650 _aGEN
654 _aCAN
942 _cLIB
_dJUS
_fJUS
_2ddc
_n
999 _c19183
_d19183